NBA nicknames 3 - Statistics

General Stats
  • This quiz has been taken 28 times
  • The average score is 10 of 15
Answer Stats
Hint Answer % Correct
The Joker Nikola Jokic
100%
Dame Time / Dame Dolla Damian Lillard
88%
Spida Donovan Mitchell
85%
PG13 Paul George
85%
The Alien Victor Wembanyama
85%
Penny Anfernee Hardaway
81%
Uncle Drew Kyrie Irving
81%
The Big Fundamental Tim Duncan
77%
Pistol Pete Maravich
73%
AK-47 Andrei Kirilenko
69%
The Worm Dennis Rodman
69%
The Stifle Tower / The French Rejection Rudy Gobert
69%
Zanos Zion Williamson
31%
7uice Jaylen Brown
8%
Optimus Dime John Wall
4%
No matching quizzes found
Score Distribution
Percent of People with Each Score
Percentile by Number Answered
Your Score History
You have not taken this quiz